000 00772nam a2200193 i 4500
001 92697
003 ES-MaACL
005 20230906181033.0
007 t|
008 050418s1986 sp |||| | spa d
080 _a81'246.3(4)
111 2 _aConference sur le multilinguisme en Europe: interpretation-communication (
_n1º.
_d1986.
_cMadrid)
_9189
245 1 0 _aPremiere conference sur le multilinguisme en Europe
_b: interpretation-communication /
_cpatronée par le président du Parlament Européen ..., Comunidad de Madrid, Consejería de Cultura.
260 _a[S.l. :
_bs.n.,
_c1986]
300 _a169 p. ;
_c21 cm.
650 1 4 _aMultilingüismo.
_9170754
710 1 _aMadrid (Comunidad Autónoma).
_bConsejería de Cultura.
_95594
852 _aES-MaACL
_jE-11006
999 _c92697
_d92697